000 00422nam a2200157Ia 4500
008 240729s9999 xx 000 0 und d
022 _a2296-889X
245 0 _aFrontiers in Molecular Biosciences
260 _aSwitzerland
260 _bFrontiers Media S.A.
650 _a Biology (General)
650 _aScience
856 _uhttps://doaj.org/toc/6c4be19c9556435292be10386b28aa5f
942 _2ddc
942 _cDOAJEJ
999 _c67347
_d67347
945 _a1
_bMadushi Gamage
_c1
_dMadushi Gamage